Statystyki dla Państwa Europy alfabetycznie

Kliknij tutaj aby rozwiązać quiz!

Ogólne statystyki

  • Ten quiz został rozwiązany 268 razy
    (244 od ostatniego zresetowania)
  • Średni wynik to 30 z 47

Statystyki odpowiedzi

LiteraOdpowiedź% Poprawnych
AAlbania
96%
AAndora
91%
BBelgia
84%
BBiałoruś
80%
AAustria
75%
DDania
74%
CCzechy
72%
FFinlandia
72%
FFrancja
72%
EEstonia
71%
BBośnia
70%
GGrecja
70%
CChorwacja
69%
BBułgaria
68%
HHolandia
68%
ŁŁotwa
68%
HHiszpania
67%
LLitwa
67%
IIrlandia
66%
PPolska
66%
IIslandia
65%
RRosja
65%
CCzarnogóra
64%
PPortugalia
64%
KKosowo
63%
NNorwegia
63%
RRumunia
63%
LLuksemburg
62%
LLiechtenstein
61%
MMacedonia
61%
MMalta
59%
UUkraina
58%
GGruzja
57%
MMonako
57%
SSzwecja
57%
MMołdawia
56%
NNiemcy
55%
SSłowacja
55%
SSłowenia
55%
SSzwajcaria
55%
WWatykan
55%
WWłochy
55%
SSerbia
53%
TTurcja
53%
WWęgry
52%
WWielka Brytania
51%
SSan Marino
50%

Rozkład punktacji

Percentyl według liczby udzielonych odpowiedzi

Procent ludzi z każdym wynikiem

Twoja historia wyników

Nie rozwiązałeś tego quizu od ostatniego zresetowania